Quizzes
Events
Quiz Creation
Community
Videos
Private Events
Remove Ads
Sign In
Join for FREE
Feedback
Dark Mode
Quiz Categories
Sports
Geography
Music
Movies
Television
Just For Fun
Miscellaneous
History
Literature
Language
Science
Gaming
Entertainment
Religion
Holiday
For Kids
Quiz Lab
Recent
Popular Today
Quiz Kudos Today
Editor Picks
Curator Picks
Quizzes by...
Day
Popularity
Type
Ratings
Length
Year
Community
Subscriptions
Recent Discussions
Orange Saloon
Badges
Playlists
Quests
Create
Leaderboards
Showdown
Live 5
Trivia Bingo
Activity
Puzzle Library
Sporcle Events
Private Events
Virtual Trivia
Globe League
Become a Host
Pub Owners
SporcleCon
Opinionation
Our Games
Videos
Blog
Mobile Apps
Partnerships
Remove Ads and Go Orange
Feedback
Sports
Athletes
MLB
NBA
NHL
NFL
Soccer
Sports Teams
WWE
NCAA
Football
Premier League
Basketball
Baseball
Hockey
Golf
Tennis
Cricket
Rugby
Auto Racing
Olympics
World Cup
Sports
Athletes
MLB
NBA
NHL
NFL
Soccer
Sports Teams
WWE
NCAA
Football
Premier League
Basketball
Baseball
Hockey
Golf
Tennis
Cricket
Rugby
Auto Racing
Olympics
World Cup
Random Quiz
Search Sporcle
×
Quiz Lab
Quiz Lab
Sports
Win
Type in answers that appear in a list
Type in answers that appear in a list
Classic
Best Score? Go Orange.
PGA Tour Wins 90-99 Stats
Can you name the players who won more than two tour events from 1990 to 1999?
By
Ben
10m
86 Questions
710 Plays
710 Plays
710 Plays
Comments
Comments
Give Quiz Kudos
Give Quiz Kudos
-
- Ratings
hide this ad
Replay
Link that replays current quiz
Next Quiz
Link to next quiz in quiz playlist
You Got
0%
They Got
Avg Score
58%
Avg Friend Score
Upgrade to see
Score Distribution
Jump to the score distribution portion of the page
Score
0/86
Timer
10:00
0
Plays Today
Wins
Player
% Correct
15
Tiger Woods
99.4%
13
Phil Mickelson
95.6%
12
Greg Norman
92.7%
6
Nick Faldo
92.4%
8
Vijay Singh
91.3%
11
Fred Couples
89.3%
12
Davis Love III
88.9%
7
Ernie Els
87.9%
12
Mark O'Meara
87.4%
16
Nick Price
86.3%
2
Tom Watson
85.5%
11
David Duval
85%
6
Tom Kite
84.3%
6
Payne Stewart
82.5%
5
José María Olazábal
82.4%
7
Corey Pavin
81.2%
4
John Daly
80.3%
4
Justin Leonard
79.1%
4
Tom Lehman
79%
6
Paul Azinger
78.8%
5
Ben Crenshaw
77.2%
3
Hale Irwin
77%
4
Steve Jones
76.4%
4
Jim Furyk
75.2%
8
Lee Janzen
74%
3
Kenny Perry
71.4%
2
Ian Woosnam
69.7%
10
Steve Elkington
69.1%
4
Hal Sutton
66.3%
Wins
Player
% Correct
4
Mark Calcavecchia
65.6%
3
David Toms
65.4%
2
Bob Tway
65.2%
2
Steve Stricker
64.9%
4
Craig Stadler
64.7%
2
Larry Mize
63.5%
6
Loren Roberts
63.5%
6
Mark Brooks
62.9%
3
Jeff Sluman
61.2%
4
Scott Hoch
61.1%
2
Scott Simpson
60.2%
2
Jay Haas
58.8%
3
Lanny Wadkins
58.7%
7
John Cook
58.1%
2
Jesper Parnevik
58%
5
Brad Faxon
57.1%
3
Stuart Appleby
56.8%
5
Fred Funk
56.4%
2
Jeff Maggert
56.3%
3
Steve Pate
55.4%
5
Billy Mayfair
52.6%
3
Rocco Mediate
51.8%
3
Peter Jacobsen
50.8%
3
Billy Ray Brown
50.2%
7
David Frost
49.9%
2
Chip Beck
49.4%
3
Billy Andrade
47.4%
5
John Huston
47%
2
Notah Begay III
46%
Wins
Player
% Correct
5
Jim Gallagher, Jr.
44.3%
4
Wayne Levi
44%
3
Mark McCumber
43.4%
2
Bruce Lietzke
42.2%
3
Tim Herron
40.3%
3
Duffy Waldorf
39.9%
2
Scott McCarron
39.4%
3
Bill Glasson
39.1%
2
Paul Stankowski
38.9%
2
Olin Browne
38.2%
2
Robert Gamez
37.2%
2
David Edwards
36.5%
2
Tom Purtzer
36.4%
3
Andrew Magee
36%
2
Dan Forsman
35.8%
2
Carlos Franco
35%
3
D. A. Weibring
34.4%
2
Jodie Mudd
34.3%
3
Nolan Henke
32.4%
2
Blaine McCallister
32.2%
2
Michael Bradley
32%
2
Ted Tryba
31%
2
Brian Henninger
30.6%
2
David Peoples
29.8%
2
Brett Ogle
29.2%
2
Mike Springer
28.5%
3
Fulton Allem
27.6%
2
Gabriel Hjertstedt
27.5%
Quiz Playlist
Details
Report
Send in Message
Add To Playlist
Classic:
Type in answers that appear in a list
Quiz Source
Last Updated: Feb 16, 2017
Quiz Scoreboard
CHALLENGE
Sign Up to Join the Scoreboard
Show All
Scores
Hide
Comments
May contain spoilers
Recently Published
Presidents Visiting Landmarks
by Hejman
History
7m
An Introduction to Baseball
by treessimontrees
Sports
5m
Movies - When Are They Set?
by FPL_Elf
Movies
5m
More to Explore
Quiz From the Vault
Featured Blog Post
Where Did the Easter Bunny Come From?
hide this ad
You Might Also Like...
Tags
1990
1990s
1999
Event
PGA
Player
tour
Win
Won
Today's Top Quizzes in Sports
Browse Sports
hide this ad
Today's Top Quizzes in Win
Browse Win
Top Contributed Quizzes in Sports
1
Les meilleurs buteurs des matchs entre le PSG et l’OM
2
2022 World Cup Stars
3
FIFA Club World Cup Champions
4
Les entraîneurs de l'OM et du PSG au 21e siècle
5
Name the Premier League winners with different clubs
6
5-to-1: UK Sports Teams
7
La finale Lions - Afrique du Sud 2021
8
Criteria MLB: Left Handed Sluggers
9
AFC Teams Reveal (Wrong Answers Minefield)
10
England Test cricketers to play under Nasser Hussain
Explore More
Trending Topics
Anime
NBA
Kpop
Disney
Crossword
Marvel
Harry Potter
Puzzle
Pokémon
The Office
NFL
WWE
Song
Country
Soccer
hide this ad
More By:
Ben
Quiz
Plays
Rating
Category
Featured
Created
Disney Songs
2,283,045
4.12
Movies
Jan 30, 2009
NCAA Helmets
1,114,919
4.54
Sports
Oct 16, 2009
NBA Finals MVPs
920,488
4.69
Sports
Nov 28, 2008
4-Letter Countries
878,889
4.70
Geography
Feb 19, 2009
Candy Slogans
861,490
3.93
Entertainment
May 15, 2009
Go to Creator's Profile
Score Distribution
Quiz Creator Spotlight
Ben
Follow
Send a Message
Quizzes Created
-
Created Quiz Play Count
-
More By This Creator
Popular Quizzes Today
1
Find the US States - No Outlines Minefield
2
Find the Countries of Europe - No Outlines Minefield
3
The Countries of the World
4
Find the US States
5
Popular People in 1961
6
US States
7
Risky Map Clicking: Biggest States A-Z
8
Movies - When Are They Set?
More Sports Quizzes
Gimme Five: Arsenal
Quiz Lab
Trending Quizzes
Risky Map Clicking: Least Populous States A-Z
1-10 Letter G Words
1-10 Letter F Words
Risky Map Clicking: Next State Alphabetically
Risky Map Clicking: Biggest States A-Z
Recently Updated
Leaping Animals
pecheneg
Reality TV Shows (A-Z)
bhenderson79
Rickey Henderson's Hall of Fame Teammates
pecheneg
Champions League XIs: Arsenal
pecheneg
Quick Pick: Celebrities in WWE's Hall of Fame
aduchscher
A-Z Keypad Blitz II
pecheneg
Multiple Oscar Actors
pecheneg
Mystery Phrase Blitz: Oscar 'Best Actors'
pecheneg
F. Scott Fitzgerald Novels
LTH
Pick 3 Villains
ddd62291
Trending Topics
Disney
NBA
Anime
Harry Potter
Kpop
Marvel
Crossword
Pokémon
WWE
Soccer
Song
Puzzle
NFL
Country
The Office
Your Account Isn't Verified!
In order to create a playlist on Sporcle, you need to verify the email address you used during registration. Go to your
Sporcle Settings
to finish the process.
Report this User
Report this user for behavior that violates our
Community Guidelines
.
Details:
Send Report
Go to the Sporcle.com Mobile Site →
Comments